Titre dans les paroles - The Beatles - Statistiques

Statistiques générales
  • Ce quiz a été pris 958 fois
  • Le résultat moyen est 6 sur 10
Statistiques - réponses
Musique % Correct
{Hey} {Jude} / Don't make it bad / Take a sad song and make it better
94%
And in my hour of darkness she is standing right in front of me / Speaking words of wisdom / {Let} {It} {Be}
90%
{Yesterday} / All my troubles seemed so far away / Now it look as though they're here to stay
90%
Baby you can {Drive} {My} {Car} / Yes I'm gonna be a star / Baby you can {Drive} {My} {Car} / And maybe I'll love you
66%
{Eleanor} {Rigby} / Picks up the rice in the church where a wedding has been / Lives in a dream
50%
Nothing is real / And nothing to get hung about / {Strawberry} {Fields} {forever}
50%
I am the eggman / We are the eggmen / {I} {Am} {the} {Walrus}
45%
{Lady} {Madonna} / Children at your feet / Wonder how you manage to make ends meet
29%
Words are flowing out like / Endless rain into a paper cup / They slither wildly as they slip away {Across} {the} {Universe}
29%
So may I introduce to you / The act you've known for all these years / {Sgt}. {Pepper}'{s} {Lonely} {Hearts} {Club} {Band}
24%
Aucun quiz correspondant
Distribution des résultats
% des personnes avec chaque résultat
Percentile par nombre de réponses
Votre historique - résultats
Vous n’avez pas pris ce quiz